Types of Things - Statistics

General Stats
  • This quiz has been taken 15 times
  • The average score is 10 of 23
Answer Stats
Hint Answer % Correct
Asiago Swiss Provolone Cheese
92%
Curly Steak Shoestring Fries
75%
Sourdough Rye Pumpernickel Bread
67%
Pork beef chicken Meat
67%
Bow tie linguine orzo Pasta
67%
Chili Ghost Banana Peppers
67%
Red blue yellow Colors
58%
Sword clown cray Fish
58%
Italy Uganda Mexico Countries
50%
French Italian Chinese Cuisine
50%
Wendy’s Dunkin' Hardee’s Fast Food Restaurants
50%
Table chair couch Furniture
50%
Spanish French Thai Languages
50%
Cotton snow sour cream White
50%
Red Lobster Cheesecake Factory Applebees Restaurants
42%
Clams shrimp lobster Shellfish
33%
Sweet Peaches N Cream Pepper Corn
17%
Naruto Dodai Onoki Ninja
17%
Roseanne Golden Girls Married with Children 80s sitcoms
8%
Abraham David Paul Bible Characters
8%
NCIS Blindspot Blue Bloods Cop shows
8%
Time power reality Infinity stones
8%
Thor She Hulk Groot MCU characters
8%
No matching quizzes found
Score Distribution
Percent of People with Each Score
Percentile by Number Answered
Your Score History
You have not taken this quiz